FIFA Club World Cup 2025 - Statystyki

Ogólne statystyki
  • Ten quiz został rozwiązany 9 razy
  • Średni wynik to 9 z 32
Statystyki odpowiedzi
Grupa Klub % Poprawnych
B Paris Saint-Germain
89%
D Chelsea
78%
E Inter Milan
56%
H Real Madrid
56%
B Atletico Madrid
44%
C Benfica
44%
F Borussia Dortmund
44%
B Botafogo
44%
G Manchester City
44%
A Porto
44%
C Bayern Munich
33%
D Flamengo
33%
A Inter Miami
33%
G Juventus
33%
A Al Ahly
22%
H Al-Hilal
22%
C Auckland City
22%
C Boca Juniors
22%
F Fluminense
22%
H Red Bull Salzburg
22%
G Al Ain
11%
D Los Angeles FC
11%
E Monterrey
11%
H Pachuca
11%
A Palmeiras
11%
B Seattle Sounders
11%
G Wydad
11%
D Esperance de Tunis
0%
F Mamelodi Sundowns
0%
E River Plate
0%
F Ulsan HD
0%
E Urawa Red Diamonds
0%
Nie znaleziono quizów pasujących do podanych kryteriów
Rozkład punktacji
Procent ludzi z każdym wynikiem
Percentyl według liczby udzielonych odpowiedzi
Twoja historia wyników
Nie rozwiązałeś tego quizu